| 000 | 00379nam a2200133Ia 4500 | ||
|---|---|---|---|
| 008 | 240624s9999 xx 000 0 und d | ||
| 041 | _aeng | ||
| 082 | _a339.0285 BAR | ||
| 100 | _aBARRETO HUMBERTO | ||
| 245 | _aTEACHING MACROECONOMICS WITH MICROSOFT E | ||
| 260 |
_c2016 _aUnited Kingdom _bCambridge University Press |
||
| 300 | _axvi, : 182 : p. : cm. ; 25 | ||
| 365 |
_cBPS _b30 |
||
| 999 |
_c28670 _d28670 |
||